[Event "Frankfurt Ch 2006"]
[Site "Ffm-Kalbach, LAZ"]
[Date "2006.06.12"]
[Round "7.33"]
[White "Zuyev, Igor"]
[Black "Schwabe, Manfred"]
[Result "1-0"]
[WhiteElo "1898"]
[BlackElo "1680"]
[PlyCount "35"]
[EventDate "2006.??.??"]

1. e4 e6 2. d4 d5 3. Nd2 dxe4 4. Nxe4 Nf6 5. Nxf6+ Qxf6 6. Nf3 h6 7. Bd3 c5 8.
Be3 Nd7 9. O-O a6 10. c3 Be7 11. dxc5 Bxc5 12. Bxc5 Nxc5 13. Bc2 b5 14. Qd6 Nd7
15. Be4 Ra7 16. Bc6 Qe7 17. Qb8 O-O 18. Qxa7 1-0

[Event "Frankfurt Ch 2006"]
[Site "Ffm-Kalbach, LAZ"]
[Date "2006.06.12"]
[Round "7.34"]
[White "Rätsch, Kurt"]
[Black "Krischak, Werner"]
[Result "1-0"]
[WhiteElo "1890"]
[BlackElo "1709"]
[PlyCount "71"]
[EventDate "2006.??.??"]

1. e4 c6 2. d4 d5 3. e5 Bf5 4. f4 e6 5. Nf3 Ne7 6. Be3 Nd7 7. Nbd2 Bg4 8. Bd3
Nf5 9. Bf2 Be7 10. h3 Bxf3 11. Nxf3 Nh4 12. O-O Nxf3+ 13. Qxf3 Qb6 14. f5 O-O-O
15. c4 c5 16. cxd5 cxd4 17. Rfc1+ Kb8 18. Qf4 Nc5 19. Bf1 Rxd5 20. Bc4 Rd7 21.
a4 Nb3 22. a5 Qb4 23. Be1 Qxc4 24. Rxc4 Nxa1 25. fxe6 fxe6 26. Qg4 d3 27. Qxe6
Rhd8 28. Rc1 Nc2 29. Bd2 Nd4 30. Qc4 Ne2+ 31. Kh1 Nxc1 32. Qxc1 h6 33. e6 Rd5
34. Qc4 Rd4 35. Qb5 Re4 36. a6 1-0

[Event "Frankfurt Ch 2006"]
[Site "Ffm-Kalbach, LAZ"]
[Date "2006.06.12"]
[Round "7.35"]
[White "Ruebsamen, Dietmar"]
[Black "Ullmann, Stefan"]
[Result "1-0"]
[WhiteElo "1860"]
[BlackElo "1667"]
[PlyCount "77"]
[EventDate "2006.??.??"]

1. e4 e6 2. d3 d5 3. Nd2 c5 4. Ngf3 Nc6 5. g3 Nf6 6. Bg2 Be7 7. O-O O-O 8. Re1
d4 9. a4 e5 10. h3 Qc7 11. Nc4 Bd7 12. Bg5 a6 13. Nh4 h6 14. Bd2 b5 15. axb5
axb5 16. Rxa8 Rxa8 17. Na3 b4 18. Nc4 Be6 19. Nf5 Nd7 20. Qg4 Bxf5 21. exf5 Nf6
22. Qe2 Re8 23. Bxc6 Qxc6 24. Nxe5 Qa4 25. b3 Qa2 26. Ng4 Qxc2 27. Nxf6+ gxf6
28. Bxh6 Qxe2 29. Rxe2 Kh7 30. Bf4 Kg8 31. Bd6 Kf8 32. Bxe7+ Rxe7 33. Rxe7 Kxe7
34. Kf1 Kd6 35. f4 Kd5 36. h4 c4 37. dxc4+ Ke4 38. Ke2 d3+ 39. Kd2 1-0

[Event "Frankfurt Ch 2006"]
[Site "Ffm-Kalbach, LAZ"]
[Date "2006.06.12"]
[Round "7.36"]
[White "Fischer, Arthur"]
[Black "Gehlhar, Michael"]
[Result "1-0"]
[WhiteElo "1858"]
[BlackElo "1661"]
[PlyCount "55"]
[EventDate "2006.??.??"]

1. e4 c6 2. d4 d5 3. exd5 cxd5 4. c4 Nf6 5. Nc3 Nc6 6. c5 Bf5 7. Nf3 e6 8. Bb5
a6 9. Bxc6+ bxc6 10. Ne5 Qc7 11. Bf4 Qb7 12. Qb3 Qc8 13. Qa4 Nh5 14. Be3 Nf6
15. Qxc6+ Qxc6 16. Nxc6 Ng4 17. Bf4 Kd7 18. Na5 f6 19. Na4 e5 20. Nb6+ Ke6 21.
Nxa8 exf4 22. Nc7+ Kd7 23. Nxd5 Nh6 24. O-O f3 25. gxf3 Bg6 26. Rac1 Nf5 27.
c6+ Ke8 28. c7 1-0

[Event "Frankfurt Ch 2006"]
[Site "Ffm-Kalbach, LAZ"]
[Date "2006.06.12"]
[Round "7.37"]
[White "Rondio, Thomas"]
[Black "Schreyer, Alois"]
[Result "1/2-1/2"]
[WhiteElo "1646"]
[BlackElo "1855"]
[PlyCount "24"]
[EventDate "2006.??.??"]

1. e4 e6 2. d4 d5 3. Nc3 dxe4 4. Nxe4 Bd7 5. Nf3 Bc6 6. Nc3 Nf6 7. Bg5 Nbd7 8.
Ne5 Nxe5 9. dxe5 Qxd1+ 10. Rxd1 Ne4 11. Nxe4 Bxe4 12. c3 Bc5 1/2-1/2

[Event "Frankfurt Ch 2006"]
[Site "Ffm-Kalbach, LAZ"]
[Date "2006.06.12"]
[Round "7.38"]
[White "Winand, Edgar"]
[Black "Bonilla Guzman, Jerson Andres"]
[Result "1-0"]
[WhiteElo "1824"]
[BlackElo "1545"]
[PlyCount "35"]
[EventDate "2006.??.??"]

1. Nf3 d5 2. d4 Nf6 3. Nbd2 g6 4. e3 Bg7 5. Bd3 O-O 6. b3 Nbd7 7. Bb2 c5 8. Qe2
b6 9. O-O Bb7 10. Ne5 cxd4 11. exd4 Rc8 12. f4 Nh5 13. Rae1 Ndf6 14. g4 Ne4 15.
gxh5 Ba6 16. Nxe4 Bxd3 17. cxd3 dxe4 18. dxe4 1-0

[Event "Frankfurt Ch 2006"]
[Site "Ffm-Kalbach, LAZ"]
[Date "2006.06.12"]
[Round "7.41"]
[White "Enders, Georg"]
[Black "Kletzerman, Simon"]
[Result "1-0"]
[WhiteElo "1791"]
[BlackElo "1461"]
[PlyCount "69"]
[EventDate "2006.??.??"]

1. e4 c5 2. Nf3 Nc6 3. d4 cxd4 4. Nxd4 Nxd4 5. Qxd4 e6 6. Nc3 Ne7 7. Be3 Nc6 8.
Qd2 Be7 9. Be2 O-O 10. f4 f5 11. exf5 Rxf5 12. O-O-O a6 13. g4 Rf8 14. g5 b5
15. Kb1 b4 16. Na4 d5 17. b3 Bd6 18. Rhf1 d4 19. Bxd4 Nxd4 20. Qxd4 Be7 21. Qe4
Bd7 22. Bc4 Ra7 23. Bxe6+ Kh8 24. Qe3 Rc7 25. Rfe1 Qe8 26. Bxd7 Rxd7 27. Rxd7
Qxd7 28. Qxe7 Qf5 29. Qe4 Qxe4 30. Rxe4 h6 31. Rxb4 hxg5 32. fxg5 Kh7 33. Nc5
Rf5 34. Ne6 Re5 35. Rb6 1-0

[Event "Frankfurt Ch 2006"]
[Site "Ffm-Kalbach, LAZ"]
[Date "2006.06.12"]
[Round "7.42"]
[White "Gutacker, Stephan"]
[Black "Zuyev, Lisa"]
[Result "1-0"]
[WhiteElo "1789"]
[BlackElo "1060"]
[PlyCount "49"]
[EventDate "2006.??.??"]

1. e4 e5 2. Nf3 Nc6 3. d4 exd4 4. Nxd4 Bc5 5. Be3 Qf6 6. c3 Nge7 7. Nc2 Bxe3 8.
Nxe3 Qe5 9. Bd3 O-O 10. O-O d6 11. Nd2 f5 12. Nf3 Qf6 13. exf5 Nxf5 14. Bxf5
Bxf5 15. Nxf5 Qxf5 16. Qb3+ Qf7 17. Qxb7 Qd7 18. Qb3+ Kh8 19. Rfe1 Rab8 20. Qc2
Rf6 21. Re3 Rbf8 22. Rae1 Qf7 23. Ng5 Qh5 24. Rh3 Qg6 25. Nxh7 1-0

[Event "Frankfurt Ch 2006"]
[Site "Ffm-Kalbach, LAZ"]
[Date "2006.06.12"]
[Round "7.45"]
[White "Nagel, Norbert"]
[Black "Branda, Ralf"]
[Result "1-0"]
[WhiteElo "1720"]
[BlackElo "2116"]
[PlyCount "58"]
[EventDate "2006.??.??"]

1. e4 c5 2. c3 d5 3. exd5 Nf6 4. Nf3 Bg4 5. Be2 Nxd5 6. d4 cxd4 7. Qxd4 Nf6 8.
Qxd8+ Kxd8 9. Bf4 Nc6 10. h3 Bh5 11. Na3 e5 12. Rd1+ Ke8 13. Nxe5 Bxe2 14. Kxe2
Bxa3 15. bxa3 Ne4 16. Rd3 Rd8 17. Rhd1 Rxd3 18. Rxd3 Nxe5 19. Bxe5 f6 20. Re3
Kf7 21. Rxe4 Re8 22. f4 fxe5 23. fxe5 Ke6 24. Ke3 Rc8 25. c4 Rc5 26. Kd4 b6 27.
h4 g6 28. g4 h6 29. g5 hxg5 {Handy klingelt!} 1-0

[Event "Frankfurt Ch 2006"]
[Site "Ffm-Kalbach, LAZ"]
[Date "2006.06.12"]
[Round "7.46"]
[White "Bauer, Timo"]
[Black "Cors, Heinz-Friedrich"]
[Result "1/2-1/2"]
[WhiteElo "1707"]
[BlackElo "1955"]
[PlyCount "80"]
[EventDate "2006.??.??"]

1. d4 Nf6 2. Nf3 e6 3. g3 b6 4. Bg2 Bb7 5. O-O Be7 6. c4 O-O 7. Nc3 Ne4 8. Qc2
Nxc3 9. bxc3 f5 10. a4 Be4 11. Qa2 Bf6 12. Rd1 Qe8 13. Ba3 d6 14. Bf1 Nd7 15.
Ne1 Bb7 16. Nd3 Kh8 17. Nf4 e5 18. Nd5 Bxd5 19. cxd5 Qf7 20. Qc4 Rac8 21. e3 f4
22. exf4 exf4 23. Bh3 g5 24. Be6 Qg7 25. Qb5 Rcd8 26. Re1 g4 27. Re4 Bg5 28.
Bxd7 Rxd7 29. Rae1 Rdf7 30. Re8 f3 31. R1e6 Bf6 32. Bc1 Qg6 33. h4 gxh3 34. Kh2
Qc2 35. Qf1 Qxa4 36. Rxf8+ Rxf8 37. Bh6 Bg7 38. Qxh3 Qd7 39. Bxg7+ Qxg7 40. Qh4
a5 1/2-1/2

[Event "Frankfurt Ch 2006"]
[Site "Ffm-Kalbach, LAZ"]
[Date "2006.06.12"]
[Round "7.47"]
[White "Krüger, Till"]
[Black "Bitzer, Andre"]
[Result "1-0"]
[WhiteElo "1854"]
[BlackElo "1692"]
[PlyCount "53"]
[EventDate "2006.??.??"]

1. e4 e6 2. d4 d5 3. e5 c5 4. c3 b6 5. Nf3 cxd4 6. cxd4 Bb4+ 7. Nbd2 Qd7 8. a3
Bxd2+ 9. Bxd2 Ba6 10. Bxa6 Nxa6 11. O-O Rc8 12. Qe2 Nb8 13. Bb4 Ne7 14. Qd3
Nbc6 15. Bd2 O-O 16. b4 a5 17. b5 Na7 18. a4 Rc4 19. Bc3 Ng6 20. g3 f5 21. exf6
Rxf6 22. Nd2 Rc8 23. Bb2 Rff8 24. Ba3 Rfe8 25. f4 Ne7 26. Nf3 Ng6 27. h4 1-0

[Event "Frankfurt Ch 2006"]
[Site "Ffm-Kalbach, LAZ"]
[Date "2006.06.12"]
[Round "7.48"]
[White "Ebertz, Michael"]
[Black "Krohne, Robert"]
[Result "0-1"]
[WhiteElo "1611"]
[BlackElo "1784"]
[PlyCount "54"]
[EventDate "2006.??.??"]

1. e4 e6 2. d4 d5 3. Nc3 Bb4 4. e5 c5 5. a3 Bxc3+ 6. bxc3 Ne7 7. Nf3 Nbc6 8.
Bd3 c4 9. Bf1 b5 10. Bd2 a5 11. g3 Rb8 12. Bh3 Ba6 13. Nh4 Qb6 14. O-O b4 15.
axb4 axb4 16. Re1 b3 17. cxb3 cxb3 18. Bf1 Bxf1 19. Kxf1 Na5 20. Qb1 Nc4 21.
Re2 Nc6 22. Ng2 b2 23. Ra2 Qb3 24. Be1 Qxa2 25. Qxa2 b1=Q 26. Qxb1 Rxb1 27. Ra2
O-O 0-1

[Event "Frankfurt Ch 2006"]
[Site "Ffm-Kalbach, LAZ"]
[Date "2006.06.12"]
[Round "7.50"]
[White "Plattner, Rolf"]
[Black "Bittner, Peter"]
[Result "1-0"]
[WhiteElo "1557"]
[BlackElo "1730"]
[PlyCount "65"]
[EventDate "2006.??.??"]

1. d4 Nf6 2. c4 d5 3. Nc3 c6 4. Nf3 e6 5. e3 Bb4 6. a3 Bxc3+ 7. bxc3 Ne4 8. Qc2
Nd7 9. Bd3 Ndf6 10. Nd2 Nxd2 11. Bxd2 dxc4 12. Bxc4 b5 13. Be2 O-O 14. Bf3 Bd7
15. e4 h6 16. e5 Nd5 17. O-O f5 18. Qc1 Qh4 19. g3 Qh3 20. Qd1 f4 21. Bg4 Qxf1+
22. Kxf1 fxg3 23. hxg3 Rf7 24. Bh5 Rff8 25. Kg2 Rac8 26. Qg4 Kh8 27. Bg6 c5 28.
Be4 Ne7 29. Bxh6 Rf7 30. Be3 cxd4 31. Rh1+ Kg8 32. Bxd4 Nc6 33. Qg6 1-0

[Event "Frankfurt Ch 2006"]
[Site "Ffm-Kalbach, LAZ"]
[Date "2006.06.12"]
[Round "7.51"]
[White "Larem, Peter"]
[Black "Schmidt, Volker"]
[Result "1-0"]
[WhiteElo "1792"]
[BlackElo "1547"]
[PlyCount "101"]
[EventDate "2006.??.??"]

1. e4 e5 2. d4 exd4 3. c3 dxc3 4. Bc4 Qh4 5. Qd5 Nf6 6. Qxf7+ Kd8 7. Nxc3 Nxe4
8. g3 Qf6 9. Nxe4 Bb4+ 10. Kf1 Qxf7 11. Bxf7 h6 12. a3 Ba5 13. b4 Bb6 14. Bb2
Rf8 15. Bg6 d5 16. Bxg7 Rg8 17. Bf6+ Kd7 18. Bf5+ Kc6 19. Rc1+ Kb5 20. Nc3+ Kc6
21. Bxc8 Rxc8 22. Rd1 Rf8 23. b5+ Kd7 24. Rxd5+ Ke6 25. Bd4 Nd7 26. Nge2 Bxd4
27. Nxd4+ Ke7 28. Kg2 Nf6 29. Re1+ Kf7 30. Rde5 Kg8 31. Re7 Ng4 32. f4 Rad8 33.
Ne6 Rd2+ 34. Re2 Rxe2+ 35. Nxe2 Rf7 36. Rxf7 Kxf7 37. Nxc7 Ke7 38. Nd5+ Kd6 39.
Nec3 h5 40. h3 Nh6 41. Kf3 Nf5 42. a4 Kc5 43. g4 Nd4+ 44. Ke4 hxg4 45. hxg4 a6
46. bxa6 bxa6 47. g5 Ne6 48. Ke5 Nd4 49. g6 Nc6+ 50. Kf6 Kd6 51. g7 1-0

[Event "Frankfurt Ch 2006"]
[Site "Ffm-Kalbach, LAZ"]
[Date "2006.06.12"]
[Round "7.52"]
[White "Vogelgesang, Marc"]
[Black "Bender, Manfred"]
[Result "1-0"]
[WhiteElo "1552"]
[BlackElo "1739"]
[PlyCount "65"]
[EventDate "2006.??.??"]

1. e4 c5 2. Nf3 Nc6 3. d4 cxd4 4. Nxd4 d6 5. c4 g6 6. Be3 Bg7 7. Nc3 Nf6 8. Be2
O-O 9. O-O Bd7 10. Rc1 a6 11. b3 Ne8 12. Qd2 Qa5 13. Nxc6 bxc6 14. Rfd1 e6 15.
Na4 Qxd2 16. Rxd2 Bc8 17. Nb6 Rb8 18. Nxc8 Rxc8 19. Rd3 c5 20. Bf4 e5 21. Bd2
f6 22. Bg4 Rc7 23. Ba5 Re7 24. Bd8 Ra7 25. Be6+ Kh8 26. Bd5 a5 27. Rcd1 a4 28.
bxa4 Rxa4 29. Be7 Rxa2 30. Rb3 Nc7 31. Bxf8 Nxd5 32. Bxg7+ Kxg7 33. cxd5 1-0

[Event "Frankfurt Ch 2006"]
[Site "Ffm-Kalbach, LAZ"]
[Date "2006.06.12"]
[Round "7.53"]
[White "Jacob, Christiane"]
[Black "Popp, Matthias"]
[Result "1/2-1/2"]
[WhiteElo "1713"]
[BlackElo "1536"]
[PlyCount "93"]
[EventDate "2006.??.??"]

1. d4 Nf6 2. c4 d6 3. Nc3 e5 4. dxe5 dxe5 5. Bg5 Be7 6. Qc2 Be6 7. Rd1 Qc8 8.
Nf3 Nbd7 9. e3 c6 10. Bd3 h6 11. Bh4 Qc7 12. Ne4 g5 13. Bg3 O-O-O 14. Nfd2 Nh5
15. c5 f5 16. Nd6+ Bxd6 17. cxd6 Qxd6 18. Bxf5 Nxg3 19. hxg3 Nf6 20. Ke2 Kc7
21. Nc4 Bxf5 22. Qxf5 Qc5 23. Qxe5+ Qxe5 24. Nxe5 h5 25. Nf7 Rxd1 26. Rxd1 Rh7
27. Nxg5 Re7 28. f3 a5 29. e4 b5 30. Rd4 c5 31. Rd2 Nd7 32. f4 Kc6 33. Ke3 Nb6
34. Kd3 Rd7+ 35. Kc3 Rxd2 36. Kxd2 Nc4+ 37. Kc3 Kd6 38. b3 Ne3 39. Kd3 Nxg2 40.
e5+ Ke7 41. f5 h4 42. f6+ Kf8 43. gxh4 Nxh4 44. e6 Ng6 45. Ne4 Nf4+ 46. Ke3
Nxe6 47. Nd6 1/2-1/2

[Event "Frankfurt Ch 2006"]
[Site "Ffm-Kalbach, LAZ"]
[Date "2006.06.12"]
[Round "7.57"]
[White "Ludwig, Helmut"]
[Black "Smith-Meyer, Geir"]
[Result "0-1"]
[WhiteElo "1496"]
[BlackElo "1669"]
[PlyCount "48"]
[EventDate "2006.??.??"]

1. Nf3 Nf6 2. g3 b6 3. Bg2 Bb7 4. d4 c5 5. c4 cxd4 6. Qxd4 d6 7. O-O g6 8. Nc3
Bg7 9. e4 O-O 10. Qd3 Nbd7 11. Nd4 Rc8 12. Qe2 Nxe4 13. Bxe4 Bxe4 14. Qxe4 Rxc4
15. Be3 Bxd4 16. Bxd4 e5 17. Nb5 exd4 18. Nxd6 Nf6 19. Qd3 Rc6 20. Ne4 Qd5 21.
Nd2 Rd8 22. Nf3 Ne4 23. Rfd1 Rcd6 24. a3 Nc5 0-1

[Event "Frankfurt Ch 2006"]
[Site "Ffm-Kalbach, LAZ"]
[Date "2006.06.12"]
[Round "7.59"]
[White "Schönmann, Bernd"]
[Black "Liebske, Erwin"]
[Result "0-1"]
[WhiteElo "1268"]
[BlackElo "1617"]
[PlyCount "84"]
[EventDate "2006.??.??"]

1. Nf3 Nf6 2. d4 d5 3. Nc3 e6 4. Bg5 Nbd7 5. e4 dxe4 6. Nxe4 Be7 7. Bd3 b6 8.
O-O Bb7 9. Qe2 O-O 10. Rad1 c6 11. c4 Re8 12. a3 a5 13. Bf4 Nxe4 14. Qxe4 Nf6
15. Qe2 Kh8 16. Ng5 Rf8 17. Qf3 h6 18. Qh3 Ng8 19. Nf3 g5 20. Bd2 Bf6 21. Bc3
Qc7 22. Rfe1 Kg7 23. Qh5 Rad8 24. Ne5 Bxe5 25. Rxe5 Qe7 26. d5 f6 27. Rxg5+ Kh8
28. Rg6 e5 29. Bd2 Rf7 30. Bxh6 Rh7 31. Bf5 Bc8 32. d6 Qf7 33. Be4 Nxh6 34.
Bxc6 Bg4 35. Bd5 Rxd6 36. Qh4 Qxg6 37. f3 Bf5 38. Qf2 Bd3 39. Be4 Bxe4 40. Rxd6
Bf5 41. Qxb6 Rg7 42. Rxf6 Qxg2# 0-1

[Event "Frankfurt Ch 2006"]
[Site "Ffm-Kalbach, LAZ"]
[Date "2006.06.12"]
[Round "7.60"]
[White "Köhler, Ralph"]
[Black "Waschke, Thomas"]
[Result "0-1"]
[WhiteElo "1202"]
[BlackElo "1615"]
[PlyCount "128"]
[EventDate "2006.??.??"]

1. d4 d5 2. Nc3 Nf6 3. Bf4 e6 4. e3 Bb4 5. Bb5+ c6 6. Bd3 O-O 7. Nge2 Nbd7 8.
O-O Nh5 9. Qd2 Nxf4 10. Nxf4 c5 11. a3 Ba5 12. dxc5 Nxc5 13. b4 Nxd3 14. cxd3
Bc7 15. e4 dxe4 16. Nxe4 b6 17. Nh5 Qh4 18. Nhg3 Rd8 19. Qe3 Bf4 20. Qf3 Ba6
21. Rfd1 Rac8 22. a4 Bb7 23. a5 f5 24. Nf6+ gxf6 25. Qxb7 Rc7 26. Qf3 b5 27.
Ra3 Be5 28. Qe2 Qxb4 29. Qa2 Qe7 30. Nxf5 Qe8 31. d4 Kh8 32. Ne3 Rxd4 33. Rad3
Rxd3 34. Rxd3 Rc1+ 35. Nf1 Bxh2+ 36. Kxh2 Rxf1 37. Qd2 Qh5+ 38. Rh3 Qe5+ 39.
Rg3 Qd5 40. Qb4 Qh5+ 41. Rh3 Qe8 42. Qd4 Qe7 43. Qd3 Rxf2 44. Qxb5 Rf5 45. Qb8+
Kg7 46. Rg3+ Rg5 47. a6 Rxg3 48. Qxg3+ Kf7 49. Qb8 f5 50. Qb7 Kf6 51. Qb2+ e5
52. Kg3 Kg6 53. Qb7 Qg5+ 54. Kf2 Qf4+ 55. Ke2 Qe4+ 56. Qxe4 fxe4 57. Ke3 Kf5
58. g4+ Kxg4 59. Kxe4 h5 60. Kxe5 h4 61. Kd6 h3 62. Kc7 h2 63. Kb8 h1=Q 64.
Kxa7 Qc6 0-1

[Event "Frankfurt Ch 2006"]
[Site "Ffm-Kalbach, LAZ"]
[Date "2006.06.12"]
[Round "7.62"]
[White "Müllergroß, Christian"]
[Black "Baqui, Khalid"]
[Result "1-0"]
[WhiteElo "1489"]
[BlackElo "1367"]
[PlyCount "27"]
[EventDate "2006.??.??"]

1. Nf3 d5 2. d4 e6 3. e3 Nf6 4. Bd3 Bd6 5. O-O O-O 6. Nbd2 c5 7. c3 c4 8. Bc2
Bd7 9. e4 dxe4 10. Nxe4 Nxe4 11. Bxe4 Nc6 12. Bxh7+ Kxh7 13. Ng5+ Kg8 14. Qh5
1-0

[Event "Frankfurt Ch 2006"]
[Site "Ffm-Kalbach, LAZ"]
[Date "2006.06.12"]
[Round "7.63"]
[White "Plötz, Hans-Jürgen"]
[Black "Troeger, Beate"]
[Result "1-0"]
[WhiteElo "1442"]
[BlackElo "798"]
[PlyCount "95"]
[EventDate "2006.??.??"]

1. d4 f5 2. c4 Nf6 3. Nc3 e6 4. Bg5 Be7 5. Nf3 O-O 6. Ne5 d6 7. Nf3 b6 8. e3
Bd7 9. Be2 c5 10. O-O Ne4 11. Bxe7 Qxe7 12. Qd3 Nxc3 13. bxc3 Nc6 14. a3 Na5
15. Rad1 Ba4 16. Rd2 Nb3 17. Rb2 Rad8 18. Bd1 e5 19. e4 fxe4 20. Qxe4 Rf4 21.
Qd5+ Qf7 22. Qxf7+ Rxf7 23. Bxb3 Bxb3 24. Rxb3 e4 25. Ng5 Re7 26. Re1 Rde8 27.
Rb2 h6 28. Nh3 cxd4 29. cxd4 Rc7 30. Rc2 d5 31. f3 Rxc4 32. Rxc4 dxc4 33. Rxe4
Rd8 34. Kf1 b5 35. Ke1 a5 36. Kd2 Rc8 37. d5 c3+ 38. Kc2 b4 39. axb4 a4 40. Re1
Kf7 41. Ra1 Ra8 42. Kxc3 Ke7 43. Kd4 a3 44. Ra2 Ra4 45. Kc5 Kd7 46. Nf4 g5 47.
Nd3 Ke7 48. Ne5 1-0

[Event "Frankfurt Ch 2006"]
[Site "Ffm-Kalbach, LAZ"]
[Date "2006.06.12"]
[Round "7.64"]
[White "Honert, Stefan"]
[Black "Adair, Monte"]
[Result "0-1"]
[WhiteElo "1201"]
[BlackElo "1384"]
[PlyCount "64"]
[EventDate "2006.??.??"]

1. d4 Nf6 2. c4 g6 3. Nc3 Bg7 4. e4 d6 5. Nf3 O-O 6. Be2 Nbd7 7. O-O a6 8. h3
e5 9. d5 Nc5 10. Qc2 Nh5 11. b4 Nd7 12. Bg5 f6 13. Be3 f5 14. Ng5 f4 15. Ne6
Qf6 16. Nxf8 Nxf8 17. Bc1 Qg5 18. Kh2 h6 19. Qd3 Nh7 20. Rg1 Qe7 21. Bxh5 gxh5
22. Qf3 Qf7 23. Bd2 Bd7 24. g3 Ng5 25. Qe2 Nxh3 26. gxf4 Nxg1 27. Rxg1 exf4 28.
e5 Qe7 29. Qxh5 Qxe5 30. Qxh6 f3+ 31. Qf4 Qh5+ 32. Kg3 Qh3# 0-1

[Event "Frankfurt Ch 2006"]
[Site "Ffm-Kalbach, LAZ"]
[Date "2006.06.12"]
[Round "7.65"]
[White "Bongardt, Torsten"]
[Black "Scheerer, Michael"]
[Result "1/2-1/2"]
[WhiteElo "1338"]
[BlackElo "1399"]
[PlyCount "78"]
[EventDate "2006.??.??"]

1. d4 g6 2. Nf3 Bg7 3. Bf4 Nf6 4. e3 O-O 5. Bd3 d6 6. O-O c5 7. Nbd2 Nc6 8. Qe2
Bg4 9. h3 Bxf3 10. Nxf3 cxd4 11. exd4 e6 12. c3 Rc8 13. Rfe1 Re8 14. Rac1 d5
15. Bb5 a6 16. Bxc6 Rxc6 17. Ne5 Rc8 18. Nd3 Bf8 19. Bg5 Be7 20. g4 Nd7 21.
Bxe7 Rxe7 22. f3 Qc7 23. Kg2 g5 24. Qf2 Qc4 25. Nb4 a5 26. Nc2 Qxa2 27. Na3 Qb3
28. Qd2 h6 29. Qe2 Nb6 30. Qd2 Nc4 31. Nxc4 Qxc4 32. Ra1 b6 33. Qc2 Ra7 34. Ra4
Qc7 35. Qd2 b5 36. Ra3 a4 37. Rea1 Rca8 38. Qe3 Qe7 39. Qd2 Qd6 1/2-1/2

[Event "Frankfurt Ch 2006"]
[Site "Ffm-Kalbach, LAZ"]
[Date "2006.06.12"]
[Round "7.67"]
[White "Schukowski, Werner"]
[Black "Breitbach, Stephan"]
[Result "0-1"]
[WhiteElo "1292"]
[BlackElo "1361"]
[PlyCount "76"]
[EventDate "2006.??.??"]

1. e4 e6 2. d4 d5 3. e5 c5 4. c3 cxd4 5. cxd4 Nc6 6. Nf3 Bb4+ 7. Nc3 Nge7 8.
Qa4 O-O 9. Bb5 Qb6 10. Be3 Nf5 11. O-O Nxe3 12. fxe3 Bd7 13. a3 Be7 14. b4 a6
15. Bd3 Qc7 16. Qc2 g6 17. e4 Qb6 18. Ne2 Rfc8 19. Qb2 dxe4 20. Bxe4 Bf8 21.
Kh1 Bg7 22. Ng5 Rf8 23. d5 exd5 24. Qb3 Nxe5 25. Bxd5 Be6 26. Nxe6 fxe6 27.
Bxe6+ Kh8 28. Rac1 Rxf1+ 29. Rxf1 Re8 30. Bc4 Ng4 31. Qf3 Ne3 32. Qf7 Qc6 33.
Nf4 Nxc4 34. Rc1 Nd6 35. Qxe8+ Qxe8 36. h3 Bb2 37. Rd1 Ne4 38. Kg1 Bxa3 0-1